[Event "AUT-ch 2018"]
[Site "Vienna"]
[Date "2018.07.26"]
[Round "6"]
[White "Sadilek, Maximilian"]
[Black "Thoma, Wilhelm Jun"]
[Result "1-0"]
[WhiteElo "2224"]
[BlackElo "2224"]
[Annotator "NA"]
[PlyCount "89"]
[EventDate "2018.07.22"]
[EventType "swiss"]
[EventCountry "AUT"]
[SourceTitle "playchess.com"]
[Source "ChessBase"]
[SourceQuality "1"]
[TimeControl "40/5400+30:1800+30"]

1. e4 {[%emt 0:00:00]} e6 {[%emt 0:00:24]} 2. Qe2 {[%emt 0:03:55]} c5 {[%emt 0:01:19]} 3. g3 {[%emt 0:01:54]} Nc6 {[%emt 0:00:09]} 4. Nf3 {[%emt 0:00:31]} Nge7 {[%emt 0:02:49]} 5. Bg2 {[%emt 0:00:21]} g6 {[%emt 0:00:16]} 6. d3 {[%emt 0:06:20]} Bg7 {[%emt 0:01:10]} 7. c3 {[%emt 0:00:13]} b6 {[%emt 0:05:34]} 8. Na3 {[%emt 0:04:36]} Ba6 {[%emt 0:03:35]} 9. h4 {[%emt 0:01:03]} h5 {[%emt 0:02:03]} 10. O-O {[%emt 0:03:32]} Rc8 {[%emt 0:04:23]} 11. Re1 {[%emt 0:04:31]} O-O {[%emt 0:00:57]} 12. Bd2 {[%emt 0:09:16]} d6 {[%emt 0:02:49]} 13. Rad1 {[%emt 0:00:53]} Ne5 {[%emt 0:05:35]} 14. Bg5 {[%emt 0:08:36]} Qd7 {[%emt 0:01:38]} 15. Nc4 {[%emt 0:08:54]} N7c6 {[%emt 0:01:19]} 16. Ncxe5 {[%emt 0:01:40]} Nxe5 {[%emt 0:01:17]} 17. Nxe5 {[%emt 0:10:43]} dxe5 {[%emt 0:00:15]} 18. Qf3 {[%emt 0:09:09]} Rc6 {[%emt 0:04:17]} 19. Bf6 {[%emt 0:02:36]} Rd6 {[%emt 0:03:44]} 20. Bf1 {[%emt 0:01:20]} Qb7 {[%emt 0:10:53]} 21. Be2 {[%emt 0:04:03]} Rc8 {[%emt 0:02:14]} 22. b3 Rc7 {[%emt 0:01:34]} 23. Kg2 {[%emt 0:10:09]} Rcd7 {[%emt 0:00:51]} 24. c4 {[%emt 0:01:12]} Qc8 {[%emt 0:01:41]} 25. Bxg7 {[%emt 0:00:34]} Kxg7 {[%emt 0:00:08]} 26. g4 {[%emt 0:00:21]} hxg4 {[%emt 0:04:36]} 27. Qg3 {[%emt 0:00:08]} f6 {[%emt 0:01:45]} 28. Qxg4 {[%emt 0:00:16]} Qe8 {[%emt 0:03:07]} 29. Kh2 {[%emt 0:02:42]} Qh8 {[%emt 0:04:50]} 30. Rg1 {[%emt 0:00:15]} Qh6 {[%emt 0:00:13]} 31. Rg3 {[%emt 0:02:05]} f5 {[%emt 0:04:50]} 32. Qh3 {[%emt 0:00:28]} Kf6 {[%emt 0:09:09]} 33. Rg5 {[%emt 0:01:57]} Rg7 {[%emt 0:05:33]} 34. Rdg1 {[%emt 0:00:26]} Rd8 {[%emt 0:00:24]} 35. Qg3 {[%emt 0:01:53]} Rh8 {[%emt 0:02:10]} 36. h5 {[%emt 0:00:18]} Rhg8 {[%emt 0:00:19]} 37. f4 {[%emt 0:00:56]} gxh5 {[%emt 0:05:26]} 38. fxe5+ {[%emt 0:00:17]} Kf7 {[%emt 0:00:14]} 39. Rxg7+ {[%emt 0:00:44]} Rxg7 {[%emt 0:01:06]} 40. Qxg7+ {[%emt 0:00:18]} Qxg7 {[%emt 0:30:13]} 41. Bxh5+ {[%emt 0:30:24]} Kf8 {[%emt 0:00:09]} 42. Rxg7 {[%emt 0:00:04]} Kxg7 {[%emt 0:00:51]} 43. exf5 {[%emt 0:00:20]} exf5 {[%emt 0:00:18]} 44. Kg3 {[%emt 0:00:26]} Kh6 {[%emt 0:01:14]} 45. e6 {[%emt 0:00:56]} 1-0

[Event "AUT-ch 2018"]
[Site "Vienna"]
[Date "2018.07.26"]
[Round "6"]
[White "Khalakhan, Jurij"]
[Black "Wagner, Leopold Franziskus"]
[Result "1-0"]
[WhiteElo "2215"]
[BlackElo "2108"]
[Annotator "NA"]
[PlyCount "125"]
[EventDate "2018.07.22"]
[EventType "swiss"]
[EventCountry "AUT"]
[SourceTitle "playchess.com"]
[Source "ChessBase"]
[SourceQuality "1"]
[TimeControl "40/5400+30:1800+30"]

1. Nf3 {[%emt 0:00:00]} Nf6 {[%emt 0:00:10]} 2. g3 {[%emt 0:00:00]} g6 {[%emt 0:00:13]} 3. Bg2 {[%emt 0:00:00]} Bg7 {[%emt 0:00:05]} 4. O-O {[%emt 0:00:00]} O-O {[%emt 0:00:03]} 5. d4 {[%emt 0:00:06]} e6 {[%emt 0:00:29]} 6. c4 {[%emt 0:05:15]} d5 {[%emt 0:00:32]} 7. Nc3 {[%emt 0:00:56]} b6 {[%emt 0:00:24]} 8. cxd5 {[%emt 0:02:23]} exd5 {[%emt 0:00:11]} 9. Bf4 {[%emt 0:02:20]} c6 {[%emt 0:01:02]} 10. Bxb8 {[%emt 0:02:51]} Rxb8 {[%emt 0:00:26]} 11. Qa4 {[%emt 0:00:01]} Qc7 {[%emt 0:01:21]} 12. Rac1 {[%emt 0:02:06]} b5 {[%emt 0:03:47]} 13. Qd1 {[%emt 0:11:01]} Qd6 {[%emt 0:01:09]} 14. e3 {[%emt 0:05:40]} Bf5 {[%emt 0:04:55]} 15. Ne2 {[%emt 0:09:04]} Ne4 {[%emt 0:03:53]} 16. Nf4 {[%emt 0:00:50]} Bg4 {[%emt 0:00:57]} 17. Qc2 {[%emt 0:04:19]} Rbc8 {[%emt 0:00:37]} 18. Nd3 {[%emt 0:02:37]} Bxf3 {[%emt 0:02:47]} 19. Bxf3 {[%emt 0:00:02]} f5 {[%emt 0:00:15]} 20. Bg2 {[%emt 0:00:59]} Rfe8 {[%emt 0:04:37]} 21. Qb3 {[%emt 0:03:51]} Nd2 {[%emt 0:00:18]} 22. Qc2 {[%emt 0:03:43]} Nxf1 {[%emt 0:00:10]} 23. Bxf1 {[%emt 0:00:07]} g5 {[%emt 0:01:19]} 24. Bh3 {[%emt 0:01:44]} Rf8 {[%emt 0:04:00]} 25. Qc5 {[%emt 0:05:26]} Qxc5 {[%emt 0:02:36]} 26. Rxc5 {[%emt 0:01:58]} a5 {[%emt 0:01:20]} 27. b4 {[%emt 0:02:22]} Rf6 {[%emt 0:12:29]} 28. bxa5 {[%emt 0:03:16]} Bf8 {[%emt 0:01:45]} 29. Rc2 {[%emt 0:00:06]} Bd6 {[%emt 0:01:35]} 30. Bg2 {[%emt 0:00:08]} Kg7 {[%emt 0:16:46]} 31. Bxd5 {[%emt 0:00:52]} Ra8 {[%emt 0:04:48]} 32. Rxc6 {[%emt 0:07:33]} Rxa5 {[%emt 0:00:33]} 33. Rb6 {[%emt 0:01:03]} h5 {[%emt 0:09:10]} 34. Rb7+ {[%emt 0:05:54]} Kh6 {[%emt 0:02:04]} 35. Bb3 {[%emt 0:02:12]} h4 {[%emt 0:01:56]} 36. Kg2 {[%emt 0:01:55]} hxg3 {[%emt 0:02:22]} 37. hxg3 {[%emt 0:00:06]} g4 {[%emt 0:03:01]} 38. Ne5 {[%emt 0:13:24]} Bxe5 {[%emt 0:00:55]} 39. dxe5 {[%emt 0:00:01]} Rf8 {[%emt 0:00:32]} 40. e6 {[%emt 0:00:36]} Kg6 {[%emt 0:30:46]} 41. e7 {[%emt 0:07:07]} Re8 {[%emt 0:00:00]} 42. Rb6+ {[%emt 0:02:41]} Kg7 {[%emt 0:00:00]} 43. e4 {[%emt 0:00:16]} fxe4 {[%emt 0:00:00]} 44. Re6 {[%emt 0:00:30]} Ra7 {[%emt 0:00:00]} 45. Rxe4 {[%emt 0:00:02]} Raxe7 {[%emt 0:00:00]} 46. Rxg4+ {[%emt 0:00:02]} Kh6 {[%emt 0:00:00]} 47. Rf4 {[%emt 0:02:19]} Re2 {[%emt 0:00:00]} 48. Kf3 {[%emt 0:00:48]} Kg5 {[%emt 0:00:00]} 49. Rg4+ {[%emt 0:00:46]} Kf5 {[%emt 0:00:00]} 50. Rb4 {[%emt 0:01:48]} R2e5 {[%emt 0:00:00]} 51. g4+ {[%emt 0:00:31]} Kg5 {[%emt 0:00:00]} 52. Kg3 {[%emt 0:00:02]} Kf6 {[%emt 0:00:00]} 53. Rf4+ {[%emt 0:00:24]} Kg7 {[%emt 0:00:00]} 54. Rf7+ {[%emt 0:00:24]} Kg6 {[%emt 0:00:00]} 55. f3 {[%emt 0:04:08]} Re3 {[%emt 0:00:00]} 56. Rb7 {[%emt 0:02:13]} R8e5 {[%emt 0:00:41]} 57. Kf4 {[%emt 0:01:43]} Re1 {[%emt 0:00:57]} 58. Bc2+ {[%emt 0:02:37]} Kf6 {[%emt 0:01:27]} 59. g5+ {[%emt 0:00:26]} Ke6 {[%emt 0:00:35]} 60. Bb3+ {[%emt 0:00:03]} Kd6 {[%emt 0:00:08]} 61. g6 {[%emt 0:01:12]} Re7 {[%emt 0:00:41]} 62. g7 {[%emt 0:01:00]} Rxb7 {[%emt 0:00:05]} 63. g8=Q {[%emt 0:00:17] Kd5 Ke4+} 1-0

[Event "AUT-ch 2018"]
[Site "Vienna"]
[Date "2018.07.26"]
[Round "6"]
[White "Spiesberger, Gerhard"]
[Black "Breneis, Lukas"]
[Result "0-1"]
[WhiteElo "2205"]
[BlackElo "2058"]
[Annotator "NA"]
[PlyCount "112"]
[EventDate "2018.07.22"]
[EventType "swiss"]
[EventCountry "AUT"]
[SourceTitle "playchess.com"]
[Source "ChessBase"]
[SourceQuality "1"]
[TimeControl "40/5400+30:1800+30"]

1. d4 {[%emt 0:00:00]} Nf6 {[%emt 0:00:10]} 2. Nc3 {[%emt 0:00:55]} d5 {[%emt 0:01:41]} 3. Bg5 {[%emt 0:00:58]} Bf5 {[%emt 0:09:13]} 4. e3 {[%emt 0:01:01]} e6 {[%emt 0:01:22]} 5. Bd3 {[%emt 0:01:21]} Bxd3 {[%emt 0:09:27]} 6. cxd3 {[%emt 0:04:25]} Be7 {[%emt 0:01:55]} 7. Nf3 {[%emt 0:01:44]} Nbd7 {[%emt 0:04:39]} 8. O-O {[%emt 0:00:50]} O-O {[%emt 0:02:13]} 9. e4 {[%emt 0:04:49]} c5 {[%emt 0:14:47]} 10. dxc5 {[%emt 0:16:15]} Nxc5 {[%emt 0:02:23]} 11. e5 {[%emt 0:09:18]} Ne8 {[%emt 0:03:27]} 12. Bxe7 {[%emt 0:10:25]} Qxe7 {[%emt 0:00:01]} 13. d4 {[%emt 0:00:18]} Nd7 {[%emt 0:00:51]} 14. Qd3 {[%emt 0:01:18]} Nc7 {[%emt 0:08:31]} 15. Nb5 {[%emt 0:03:13]} Nxb5 {[%emt 0:01:59]} 16. Qxb5 {[%emt 0:00:10]} Nb8 {[%emt 0:08:38]} 17. Rac1 {[%emt 0:03:47]} Nc6 {[%emt 0:00:06]} 18. Rc5 {[%emt 0:01:16]} a6 {[%emt 0:06:54]} 19. Qd3 {[%emt 0:05:49]} f6 {[%emt 0:01:59]} 20. Rfc1 {[%emt 0:03:38]} Rac8 {[%emt 0:03:40]} 21. Qe3 {[%emt 0:02:54]} f5 {[%emt 0:04:54]} 22. Qg5 {[%emt 0:07:01]} Qd7 {[%emt 0:01:44]} 23. h4 {[%emt 0:01:15]} Rc7 {[%emt 0:04:05]} 24. b4 {[%emt 0:03:23]} Rfc8 {[%emt 0:00:28]} 25. a3 {[%emt 0:01:29]} a5 {[%emt 0:01:20]} 26. Qd2 {[%emt 0:03:49]} b6 {[%emt 0:02:15]} 27. R5c2 {[%emt 0:01:38]} axb4 {[%emt 0:00:25]} 28. axb4 {[%emt 0:00:14]} Nd8 {[%emt 0:01:28]} 29. b5 {[%emt 0:03:00]} h6 {[%emt 0:00:53]} 30. Rxc7 {[%emt 0:00:17]} Rxc7 {[%emt 0:00:02]} 31. Rxc7 {[%emt 0:00:06]} Qxc7 {[%emt 0:00:02]} 32. Qb4 {[%emt 0:00:57]} Nb7 {[%emt 0:01:17]} 33. h5 {[%emt 0:00:34]} Kf7 {[%emt 0:00:24]} 34. Qa3 {[%emt 0:00:47]} Na5 {[%emt 0:00:29]} 35. Nh4 {[%emt 0:01:39]} Qe7 {[%emt 0:00:29]} 36. Qh3 {[%emt 0:01:41]} Qg5 {[%emt 0:01:27]} 37. Ng6 {[%emt 0:00:22]} Nc4 {[%emt 0:00:59]} 38. Nh8+ {[%emt 0:02:23]} Kg8 {[%emt 0:00:17]} 39. Ng6 {[%emt 0:00:18]} Kf7 {[%emt 0:00:44]} 40. Nh8+ {[%emt 0:00:11]} Kg8 {[%emt 0:31:05]} 41. Ng6 {[%emt 0:32:00]} Qc1+ {[%emt 0:00:00]} 42. Kh2 {[%emt 0:00:00]} Kf7 {[%emt 0:00:00]} 43. Qh4 {[%emt 0:00:00]} Qg5 {[%emt 0:00:00]} 44. Qh3 {[%emt 0:00:00]} Qg4 {[%emt 0:00:00]} 45. Qxg4 {[%emt 0:00:00]} fxg4 {[%emt 0:00:00]} 46. Kg3 {[%emt 0:00:00]} Na3 {[%emt 0:00:00]} 47. Nf4 {[%emt 0:00:00]} Nxb5 {[%emt 0:00:00]} 48. Ne2 {[%emt 0:00:00]} Na3 {[%emt 0:00:00]} 49. Nc1 {[%emt 0:00:00]} Nc2 {[%emt 0:00:00]} 50. Nb3 {[%emt 0:00:39]} Ne1 {[%emt 0:00:00]} 51. Kxg4 {[%emt 0:01:19]} Nxg2 {[%emt 0:00:00]} 52. Kg3 {[%emt 0:01:07]} Ne1 {[%emt 0:00:00]} 53. f4 {[%emt 0:00:39]} g6 {[%emt 0:00:00]} 54. Kg4 {[%emt 0:00:58]} Nc2 {[%emt 0:00:24]} 55. Kh4 {[%emt 0:00:36]} Ne3 {[%emt 0:00:25]} 56. Kg3 {[%emt 0:00:36]} gxh5 {[%emt 0:00:35]} 0-1

[Event "AUT-ch 2018"]
[Site "Vienna"]
[Date "2018.07.26"]
[Round "6"]
[White "Windhager, Hannes"]
[Black "Huber, Martin Christian"]
[Result "0-1"]
[WhiteElo "2203"]
[BlackElo "2374"]
[Annotator "NA"]
[PlyCount "106"]
[EventDate "2018.07.22"]
[EventType "swiss"]
[EventCountry "AUT"]
[SourceTitle "playchess.com"]
[Source "ChessBase"]
[SourceQuality "1"]
[TimeControl "40/5400+30:1800+30"]

1. e4 {[%emt 0:00:00]} e6 {[%emt 0:00:17]} 2. d4 {[%emt 0:00:00]} d5 {[%emt 0:00:05]} 3. Nc3 {[%emt 0:00:00]} Nf6 {[%emt 0:00:05]} 4. Bg5 {[%emt 0:00:07]} Bb4 {[%emt 0:00:25]} 5. e5 {[%emt 0:00:31]} h6 {[%emt 0:00:16]} 6. Bd2 {[%emt 0:00:14]} Bxc3 {[%emt 0:00:13]} 7. Bxc3 {[%emt 0:00:07]} Ne4 {[%emt 0:00:16]} 8. Bb4 {[%emt 0:00:18]} c5 {[%emt 0:01:33]} 9. Bxc5 {[%emt 0:00:21]} Nxc5 {[%emt 0:00:46]} 10. dxc5 {[%emt 0:00:09]} Qa5+ {[%emt 0:01:35]} 11. Qd2 {[%emt 0:00:45]} Qxc5 {[%emt 0:00:11]} 12. f4 {[%emt 0:01:18]} Nc6 {[%emt 0:08:41]} 13. Nf3 {[%emt 0:00:33]} a5 {[%emt 0:04:07]} 14. O-O-O {[%emt 0:07:40]} O-O {[%emt 0:18:02]} 15. Kb1 {[%emt 0:07:28]} b5 {[%emt 0:08:33]} 16. g4 {[%emt 0:12:14]} b4 {[%emt 0:14:12]} 17. Bd3 {[%emt 0:05:39]} Ne7 {[%emt 0:10:52]} 18. h4 {[%emt 0:16:54]} a4 {[%emt 0:01:47]} 19. h5 {[%emt 0:03:10]} Ba6 {[%emt 0:02:45]} 20. f5 {[%emt 0:09:09]} Bxd3 {[%emt 0:04:01]} 21. Qxd3 {[%emt 0:01:16]} b3 {[%emt 0:03:56]} 22. cxb3 {[%emt 0:08:40]} axb3 {[%emt 0:00:11]} 23. a3 {[%emt 0:01:25]} Rfb8 {[%emt 0:15:11]} 24. Rc1 {[%emt 0:06:50]} Qb6 {[%emt 0:00:24]} 25. f6 {[%emt 0:03:01]} Nc6 {[%emt 0:00:04]} 26. fxg7 {[%emt 0:02:06]} Na5 {[%emt 0:03:32]} 27. g5 {[%emt 0:06:36]} Nc4 {[%emt 0:00:05]} 28. gxh6 {[%emt 0:02:20]} Qf2 {[%emt 0:00:34]} 29. h7+ {[%emt 0:03:18]} Kxg7 {[%emt 0:00:05]} 30. Rcg1+ {[%emt 0:00:48]} Kh8 {[%emt 0:00:29]} 31. Rg8+ {[%emt 0:01:48]} Rxg8 {[%emt 0:00:05]} 32. hxg8=Q+ Rxg8 {[%emt 0:00:00]} 33. Qxb3 {[%emt 0:00:30]} Qxf3 {[%emt 0:00:01]} 34. Qxf3 {[%emt 0:00:08]} Nd2+ {[%emt 0:00:03]} 35. Kc2 {[%emt 0:00:08]} Nxf3 {[%emt 0:00:03]} 36. a4 {[%emt 0:01:13]} Rc8+ {[%emt 0:01:21]} 37. Kd3 {[%emt 0:00:46]} Nxe5+ {[%emt 0:01:40]} 38. Kd4 {[%emt 0:00:12]} Nd7 {[%emt 0:00:29]} 39. b3 {[%emt 0:00:58]} Rc5 {[%emt 0:01:20]} 40. Rf1 {[%emt 0:00:36]} f5 {[%emt 0:31:30]} 41. Ra1 {[%emt 0:00:24]} e5+ {[%emt 0:00:00]} 42. Kd3 {[%emt 0:00:07]} d4 {[%emt 0:00:00]} 43. a5 {[%emt 0:01:23]} Rc3+ {[%emt 0:00:00]} 44. Ke2 {[%emt 0:00:15]} Re3+ {[%emt 0:00:00]} 45. Kf2 {[%emt 0:00:59]} Rxb3 {[%emt 0:00:00]} 46. a6 {[%emt 0:00:08]} Rb8 {[%emt 0:00:00]} 47. a7 {[%emt 0:00:30]} Ra8 {[%emt 0:00:00]} 48. Ra6 {[%emt 0:01:07]} Kg7 {[%emt 0:00:00]} 49. Kg3 {[%emt 0:00:39]} Nc5 {[%emt 0:00:00]} 50. Ra5 {[%emt 0:00:29]} Ne4+ {[%emt 0:00:00]} 51. Kf3 {[%emt 0:01:25]} d3 {[%emt 0:00:00]} 52. Ke3 {[%emt 0:00:31]} d2 {[%emt 0:00:00]} 53. Ke2 {[%emt 0:00:09]} Rd8 {[%emt 0:00:00]} 0-1

[Event "AUT-ch 2018"]
[Site "Vienna"]
[Date "2018.07.26"]
[Round "6"]
[White "Hiermann, Dietmar"]
[Black "Menezes, Christoph"]
[Result "1/2-1/2"]
[WhiteElo "2202"]
[BlackElo "2430"]
[Annotator "TA"]
[PlyCount "82"]
[EventDate "2018.07.22"]
[EventType "swiss"]
[EventCountry "AUT"]
[SourceTitle "playchess.com"]
[Source "ChessBase"]
[SourceQuality "1"]

{[%evp 23,82,19,31,-11,-25,-31,0,0,0,0,0,-4,-7,-7,-7,-8,-12,-9,0,0,0,0,0,0,-10,-18,-32,-26,-10,-13,-15,-14,-18,-43,-29,-39,-45,-44,-35,-73,-20,-62,-40,-53,-31,-41,-10,-16,-8,-11,-8,-12,0,-10,0,0,0,0,0,0,0]} 1. e4 c5 2. Nf3 d6 3. d4 cxd4 4. Nxd4 Nf6 5. Nc3 a6 6. g3 e5 7. Nde2 Be7 8. Bg2 Nbd7 9. a4 O-O 10. O-O b6 11. Nd5 {B91: Sizilianisch (Najdorf-Variante mit 6.g3)} Nxd5 12. Qxd5 Rb8 {LiveBook: 8 Partien} (12... Qc7 13. Nc3 Bb7 14. Qd3 Nf6 15. Bg5 Ng4 16. Bd2 Nf6 17. Bg5 Ng4 18. Bd2 h6 {½-½ (32) Bartel,M (2609)-Navara,D (2737) Batumi 2018}) 13. c4 {Weiß steht etwas besser.} Nc5 14. Qd1 Be6 15. b3 b5 16. axb5 axb5 17. b4 Nd7 18. cxb5 Rxb5 19. Ba3 $146 Rb8 20. Nc3 Nf6 21. Qd2 Qd7 22. Rfc1 Rfc8 23. Nd5 Rxc1+ 24. Bxc1 Bxd5 25. exd5 Qb5 26. Rb1 Bd8 {[%cal Be7d8,Bd8b6,Bb6d4][%mdl 32]} 27. Qd1 h6 28. h3 Bb6 29. Qf1 Qa4 30. Qd3 Bd4 31. b5 Nd7 (31... Qa2 $17 32. Be3 Bxe3 33. fxe3 Nd7) 32. Qb3 Qa7 33. Be3 Bxe3 34. Qxe3 Nc5 35. Qd2 {Die Stellung ist ausgeglichen.} Rb6 36. Bf1 f5 37. Qc2 g6 38. Qc1 Kg7 39. Ra1 Qb7 {[#] ...Sb3 ist eine echte Drohung.} 40. Qc4 Qc7 41. Ra8 Rb7 {Precision: Weiß = 73%, Schwarz = 63%.} 1/2-1/2

[Event "AUT-ch 2018"]
[Site "Vienna"]
[Date "2018.07.26"]
[Round "6"]
[White "Exler, Veronika"]
[Black "Morgunov, Marc"]
[Result "0-1"]
[WhiteElo "2198"]
[BlackElo "2362"]
[Annotator "NA"]
[PlyCount "60"]
[EventDate "2018.07.22"]
[EventType "swiss"]
[EventCountry "AUT"]
[SourceTitle "playchess.com"]
[Source "ChessBase"]
[SourceQuality "1"]
[TimeControl "40/5400+30:1800+30"]

1. d4 {[%emt 0:00:00]} Nf6 {[%emt 0:00:10]} 2. c4 {[%emt 0:00:00]} e6 {[%emt 0:00:05]} 3. Nf3 {[%emt 0:00:00]} Bb4+ {[%emt 0:00:14]} 4. Bd2 {[%emt 0:00:00]} Be7 {[%emt 0:04:22]} 5. g3 {[%emt 0:01:44]} O-O {[%emt 0:01:00]} 6. Bg2 {[%emt 0:00:05]} d5 {[%emt 0:02:27]} 7. O-O {[%emt 0:00:25]} Nbd7 {[%emt 0:02:22]} 8. Bf4 {[%emt 0:04:43]} dxc4 {[%emt 0:02:03]} 9. Nbd2 {[%emt 0:04:30]} b5 {[%emt 0:10:49]} 10. a4 {[%emt 0:01:31]} c6 {[%emt 0:00:25]} 11. e4 {[%emt 0:02:46]} Bb7 {[%emt 0:01:37]} 12. Qc2 {[%emt 0:00:12]} a6 {[%emt 0:02:27]} 13. b3 {[%emt 0:04:28]} cxb3 {[%emt 0:02:07]} 14. Nxb3 {[%emt 0:00:07]} c5 {[%emt 0:02:46]} 15. e5 {[%emt 0:05:54]} Nd5 {[%emt 0:00:09]} 16. axb5 {[%emt 0:11:08]} axb5 {[%emt 0:00:16]} 17. Rxa8 {[%emt 0:10:27]} Qxa8 {[%emt 0:00:10]} 18. Ra1 {[%emt 0:00:16]} Qb8 {[%emt 0:05:01]} 19. dxc5 {[%emt 0:15:50]} Rc8 {[%emt 0:00:16]} 20. Qe2 {[%emt 0:19:01]} Nxc5 {[%emt 0:07:05]} 21. Nxc5 {[%emt 0:05:51]} Nxf4 {[%emt 0:00:29]} 22. gxf4 {[%emt 0:00:07]} Rxc5 {[%emt 0:00:07]} 23. Nd4 {[%emt 0:01:15]} g6 {[%emt 0:03:57]} 24. Nb3 {[%emt 0:00:59]} Rc8 {[%emt 0:00:45]} 25. Ra5 {[%emt 0:03:15]} Bxg2 {[%emt 0:01:46]} 26. Kxg2 {[%emt 0:00:02]} Qb7+ {[%emt 0:00:15]} 27. Kg1 {[%emt 0:01:43]} b4 {[%emt 0:01:26]} 28. Rb5 {[%emt 0:00:11]} Qd7 {[%emt 0:03:15]} 29. h4 {[%emt 0:00:42]} Rc3 {[%emt 0:00:42]} 30. Na5 {[%emt 0:00:30]} Qd4 {[%emt 0:01:30]} 0-1

[Event "AUT-ch 2018"]
[Site "Vienna"]
[Date "2018.07.26"]
[Round "6"]
[White "Steiner, Bruno"]
[Black "Jedinger, Andreas"]
[Result "1/2-1/2"]
[WhiteElo "2194"]
[BlackElo "2090"]
[Annotator "NA"]
[PlyCount "132"]
[EventDate "2018.07.22"]
[EventType "swiss"]
[EventCountry "AUT"]
[SourceTitle "playchess.com"]
[Source "ChessBase"]
[SourceQuality "1"]
[TimeControl "40/5400+30:1800+30"]

1. c4 e5 {[%emt 0:00:18]} 2. e3 {[%emt 0:00:00]} Nf6 {[%emt 0:00:23]} 3. Nc3 {[%emt 0:00:00]} d5 {[%emt 0:00:08]} 4. cxd5 {[%emt 0:00:08]} Nxd5 {[%emt 0:00:04]} 5. Nf3 {[%emt 0:00:24]} Nxc3 {[%emt 0:01:12]} 6. bxc3 {[%emt 0:00:05]} Bd6 {[%emt 0:01:46]} 7. d4 {[%emt 0:02:34]} Nd7 {[%emt 0:03:24]} 8. Bd3 {[%emt 0:10:34]} Qe7 {[%emt 0:01:07]} 9. Qc2 {[%emt 0:02:22]} h6 {[%emt 0:00:13]} 10. O-O {[%emt 0:00:22]} O-O {[%emt 0:00:13]} 11. Re1 {[%emt 0:06:07]} Re8 {[%emt 0:11:48]} 12. e4 {[%emt 0:05:39]} b6 {[%emt 0:04:30]} 13. Bb5 {[%emt 0:20:58]} Rd8 {[%emt 0:17:03]} 14. Bc6 {[%emt 0:04:49]} Rb8 {[%emt 0:00:04]} 15. Be3 {[%emt 0:11:57]} Bb7 {[%emt 0:01:14]} 16. Bxb7 {[%emt 0:02:55]} Rxb7 {[%emt 0:02:17]} 17. dxe5 {[%emt 0:04:46]} Bxe5 {[%emt 0:05:33]} 18. Nd4 {[%emt 0:01:25]} Qf6 {[%emt 0:02:02]} 19. Rad1 {[%emt 0:06:15]} Nf8 {[%emt 0:03:51]} 20. Nf5 {[%emt 0:00:53]} Rbb8 {[%emt 0:01:28]} 21. f4 {[%emt 0:00:33]} Bxc3 {[%emt 0:00:54]} 22. e5 {[%emt 0:00:47]} Qe6 {[%emt 0:00:27]} 23. Nxg7 {[%emt 0:02:16]} Kxg7 {[%emt 0:00:36]} 24. Qxc3 {[%emt 0:00:04]} Kg8 {[%emt 0:07:05]} 25. Qxc7 {[%emt 0:01:17]} Rxd1 {[%emt 0:03:03]} 26. Rxd1 {[%emt 0:00:02]} Rc8 {[%emt 0:00:08]} 27. Qxa7 {[%emt 0:00:39]} Rc2 {[%emt 0:00:58]} 28. Qa8 {[%emt 0:03:41]} Rxa2 {[%emt 0:02:21]} 29. Qe4 {[%emt 0:00:41]} Qg4 {[%emt 0:01:22]} 30. Rf1 {[%emt 0:02:45]} Ng6 {[%emt 0:01:04]} 31. h3 {[%emt 0:00:29]} Qe2 {[%emt 0:02:37]} 32. Qf3 {[%emt 0:01:23]} Nh4 {[%emt 0:01:11]} 33. Qxe2 {[%emt 0:00:48]} Rxe2 {[%emt 0:00:08]} 34. Bf2 {[%emt 0:00:12]} Nf5 {[%emt 0:00:55]} 35. Bxb6 {[%emt 0:00:50]} h5 {[%emt 0:00:54]} 36. Rf2 {[%emt 0:03:04]} Re1+ {[%emt 0:00:43]} 37. Rf1 {[%emt 0:00:12]} Re2 {[%emt 0:00:05]} 38. Ra1 {[%emt 0:00:37]} Re4 {[%emt 0:03:37]} 39. g4 {[%emt 0:00:26]} hxg4 {[%emt 0:01:29]} 40. hxg4 {[%emt 0:00:05]} Nh4 {[%emt 0:32:28]} 41. Ra8+ {[%emt 0:11:20]} Kh7 {[%emt 0:00:00]} 42. Bd8 {[%emt 0:01:04]} Rxf4 {[%emt 0:00:00]} 43. g5 {[%emt 0:00:51]} Nf3+ {[%emt 0:00:00]} 44. Kg2 {[%emt 0:05:33]} Nxe5 {[%emt 0:00:00]} 45. Kg3 {[%emt 0:01:19]} Rf3+ {[%emt 0:00:00]} 46. Kg2 {[%emt 0:00:58]} Rf4 {[%emt 0:00:00]} 47. Bf6 {[%emt 0:00:08]} Rxf6 {[%emt 0:00:00]} 48. gxf6 {[%emt 0:00:12]} Kg6 {[%emt 0:00:00]} 49. Ra6 {[%emt 0:00:29]} Ng4 {[%emt 0:00:00]} 50. Kf3 {[%emt 0:00:08]} Nxf6 {[%emt 0:00:00]} 51. Kf4 {[%emt 0:00:08]} Kg7 {[%emt 0:00:00]} 52. Kg5 {[%emt 0:00:13]} Nh7+ {[%emt 0:00:00]} 53. Kf5 {[%emt 0:00:16]} Nf8 {[%emt 0:00:00]} 54. Ke5 {[%emt 0:00:11]} Ng6+ {[%emt 0:00:00]} 55. Kd6 {[%emt 0:00:06]} Kf8 {[%emt 0:00:00]} 56. Ra8+ {[%emt 0:00:11]} Kg7 {[%emt 0:00:00]} 57. Kd7 {[%emt 0:00:04]} Ne5+ {[%emt 0:01:56]} 58. Ke8 {[%emt 0:00:30]} Ng4 {[%emt 0:00:37]} 59. Ra1 {[%emt 0:00:49]} Nf6+ {[%emt 0:00:17]} 60. Kd8 {[%emt 0:00:12]} Ng8 {[%emt 0:02:07]} 61. Rf1 {[%emt 0:00:29]} Kf8 {[%emt 0:00:21]} 62. Rf2 {[%emt 0:00:58]} Ne7 {[%emt 0:00:22]} 63. Rf6 {[%emt 0:00:38]} Ng6 {[%emt 0:00:44]} 64. Kd7 {[%emt 0:00:45]} Ne5+ {[%emt 0:00:22]} 65. Kd6 {[%emt 0:00:09]} Ng6 {[%emt 0:00:09]} 66. Rxf7+ {[%emt 0:00:06]} Kxf7 {[%emt 0:00:39]} 1/2-1/2